[Event "Ottawa Reserves"]
[Site "Ottawa"]
[Date "2002.11.10"]
[Round "5"]
[White "Djerkovic, Miladin"]
[Black "Arsenault, Michel"]
[Result "1/2-1/2"]
[WhiteElo "2169"]
[BlackElo "2115"]
[PlyCount "121"]
[EventDate "2002.10.06"]
[EventType "tourn"]
[EventRounds "6"]
[EventCountry "CAN"]
[SourceTitle "EXT 2022"]
[Source "ChessBase"]
[SourceDate "2021.10.06"]
[SourceVersion "1"]
[SourceVersionDate "2021.10.06"]
[SourceQuality "1"]

1. e4 g6 2. d4 d6 3. Nc3 Bg7 4. Bg5 c6 5. Qd2 Nd7 6. f4 Qb6 7. 0-0-0 a5 8. Nf3 Qc7 9. a4 Nb6 10. e5 f6 11. Bh4 Bg4 12. Be2 Nh6 13. exf6 exf6 14. d5 0-0 15. dxc6 bxc6 16. Qxd6 Qxd6 17. Rxd6 Rac8 18. Bf2 Nf7 19. Rd2 Rb8 20. Nd4 Bxe2 21. Rxe2 Rfc8 22. Ne6 Bh6 23. Bd4 Nd7 24. g3 Nd6 25. b3 c5 26. Bf2 c4 27. Kb2 cxb3 28. cxb3 Nc4+ 29. Ka2 Nd2 30. Rxd2 Rxc3 31. Rb1 Re8 32. Re1 Re7 33. Kb2 Rc8 34. Nd4 Rxe1 35. Bxe1 f5 36. Nxf5 gxf5 37. Rxd7 Bg7+ 38. Rxg7+ Kxg7 39. Bxa5 Re8 40. Bc3+ Kf7 41. Be5 Ke6 42. b4 Kd5 43. Kb3 Rc8 44. a5 Rc1 45. Ka4 Kc6 46. b5+ Kc5 47. a6 Rc4+ 48. Ka5 Rc2 49. Bd6+ Kxd6 50. Kb6 Rxh2 51. a7 Ra2 52. Kb7 Kc5 53. a8Q Rxa8 54. Kxa8 Kxb5 55. Kb7 Kc5 56. Kc7 Kd5 57. Kd7 h5 58. Ke7 Ke4 59. Kf6 Kf3 60. Kxf5 Kxg3 61. Kg6 1/2-1/2

[Event "Ottawa Reserves"]
[Site "Ottawa"]
[Date "2002.11.03"]
[Round "4"]
[White "Patterson, Roger"]
[Black "Djerkovic, Miladin"]
[Result "0-1"]
[WhiteElo "2236"]
[BlackElo "2169"]
[PlyCount "54"]
[EventDate "2002.10.06"]
[EventType "tourn"]
[EventRounds "6"]
[EventCountry "CAN"]
[SourceTitle "EXT 2022"]
[Source "ChessBase"]
[SourceDate "2021.10.06"]
[SourceVersion "1"]
[SourceVersionDate "2021.10.06"]
[SourceQuality "1"]

1. e4 e5 2. Nf3 Nc6 3. Bb5 a6 4. Ba4 Nf6 5. 0-0 Be7 6. Re1 b5 7. Bb3 d6 8. c3 0-0 9. h3 Nd7 10. d4 Nb6 11. Nbd2 exd4 12. cxd4 Nb4 13. Nf1 c5 14. a3 Nc6 15. Bc2 cxd4 16. Nxd4 Nxd4 17. Qxd4 Bf6 18. Qd3 g6 19. Ne3 Be6 20. Rd1 Be5 21. Ng4 Bxg4 22. hxg4 Qh4 23. f4 Bg7 24. Qf3 Rac8 25. Bb3 Na4 26. Rxd6 Qe1+ 27. Kh2 Rxc1 0-1

[Event "Ottawa Reserves"]
[Site "Ottawa"]
[Date "2002.10.06"]
[Round "1"]
[White "Gelblum, Robert"]
[Black "Djerkovic, Miladin"]
[Result "0-1"]
[WhiteElo "2201"]
[BlackElo "2169"]
[PlyCount "62"]
[EventDate "2002.10.06"]
[EventType "tourn"]
[EventRounds "6"]
[EventCountry "CAN"]
[SourceTitle "EXT 2022"]
[Source "ChessBase"]
[SourceDate "2021.10.06"]
[SourceVersion "1"]
[SourceVersionDate "2021.10.06"]
[SourceQuality "1"]

1. e4 c5 2. Nf3 e6 3. c3 d5 4. exd5 exd5 5. d4 Nc6 6. Be2 Bd6 7. 0-0 Nge7 8. dxc5 Bxc5 9. Nbd2 0-0 10. Nb3 Bb6 11. Nbd4 Bg4 12. Be3 Re8 13. Re1 Rc8 14. Bb5 a6 15. Be2 Bxf3 16. Bxf3 Ne5 17. Be2 Nc4 18. Bxc4 dxc4 19. Qg4 Ng6 20. f4 Rc7 21. Rad1 Rce7 22. Nf5 Rxe3 23. Nxe3 Bxe3+ 24. Rxe3 Qb6 25. Rd4 Rxe3 26. f5 Nf8 27. Kf1 Qxb2 28. f6 Qb1+ 29. Rd1 Qg6 30. Qxg6 hxg6 31. fxg7 Kxg7 0-1

[Event "Kingston op"]
[Site "Kingston"]
[Date "2002.02.09"]
[Round "3"]
[White "Djerkovic, Miladin"]
[Black "De Kerpel, Stijn"]
[Result "1-0"]
[WhiteElo "2259"]
[BlackElo "2137"]
[PlyCount "109"]
[EventDate "2002.02.08"]
[EventType "swiss"]
[EventRounds "5"]
[EventCountry "CAN"]
[SourceTitle "EXT 2022"]
[Source "ChessBase"]
[SourceDate "2021.10.06"]
[SourceVersion "1"]
[SourceVersionDate "2021.10.06"]
[SourceQuality "1"]

1. d4 Nf6 2. Nf3 d5 3. c4 e6 4. Nc3 c6 5. e3 Bd6 6. Qc2 Nbd7 7. Bd3 a6 8. 0-0 0-0 9. e4 dxe4 10. Nxe4 Nxe4 11. Bxe4 h6 12. b3 Nf6 13. Bd3 Qc7 14. h3 c5 15. dxc5 Bxc5 16. Bb2 Be7 17. Rad1 b6 18. Be5 Qc5 19. Bd4 Qc7 20. Ne5 Bb7 21. Rfe1 Rad8 22. Qb2 Ne8 23. Bb1 Bf6 24. Ng4 Bxd4 25. Rxd4 Rxd4 26. Qxd4 f5 27. Ne5 Nd6 28. Nd3 Ne4 29. f3 Nd2 30. Qe5 Qxe5 31. Nxe5 Nxb1 32. Rxb1 Rd8 33. Rb2 Kf8 34. b4 Ke7 35. c5 Kf6 36. f4 g5 37. g3 bxc5 38. bxc5 Be4 39. c6 gxf4 40. gxf4 Rg8+ 41. Kf1 Rg7 42. Rb6 a5 43. Ra6 Rc7 44. Rxa5 Bxc6 45. Rc5 Ke7 46. Rxc6 Ra7 47. Rc2 Ra4 48. Nc4 h5 49. Ke2 Rb4 50. Rc1 Kd7 51. Kd2 Kc6 52. a3 Rb8 53. Re1 Rc8 54. Rxe6+ Kc5 55. Kc3 1-0